000 00456nam a2200157 a 4500
001 000044947
005 20201002045744.0
008 150122s2004 sp 000 0 spa d
020 _a9788476931370
040 _aDO-SdBNP
_bspa
_cBNPHU
082 _axxxxxxx
_bxxxxxxx
100 1 _aYarza, F. C.
_972965
245 1 4 _aLos Mejores Acertijos y Adivinanzas /
_cF. C. Yarza, M. J. Llorens.
260 _aMadrid :
_b[s.n.],
_c[s.f.].
300 _a293 p. : ;
_c21 cm.
999 _c44436
_d44436